Jackson Pollock: una saga estadounidense
محفوظ في:
| المؤلفون الرئيسيون: | , |
|---|---|
| التنسيق: | كتاب |
| اللغة: | الإسبانية |
| منشور في: |
Barcelona
Circe
1991
|
| سلاسل: | Biografia Circe
|
| الموضوعات: | |
| الوسوم: |
إضافة وسم
لا توجد وسوم, كن أول من يضع وسما على هذه التسجيلة!
|
MARC
| LEADER | 00000nam a2200000 a 4500 | ||
|---|---|---|---|
| 001 | UCY1802 | ||
| 003 | CL-VaPUC | ||
| 008 | 940921e19910000SP |||||||||||||||||spa|d | ||
| 082 | 0 | 4 | |a 927 |b NAI |2 21 |
| 100 | |a Naifeh, Steven |e autor |9 329817 | ||
| 700 | 0 | |a Smith, Gregory White |e author |9 329818 | |
| 245 | 1 | 0 | |a Jackson Pollock: una saga estadounidense |
| 300 | |a 725 p | ||
| 942 | |c BK | ||
| 945 | |d 19940921 00:00:00 |a oaravena | ||
| 260 | |a Barcelona |b Circe |c 1991 | ||
| 600 | 0 | 7 | |a POLLOCK, JACKSON |2 CL-VaPUC |9 266175 |
| 650 | 0 | |a Pintura moderna |9 265600 | |
| 651 | 0 | |a Estados Unidos |9 255178 | |
| 583 | |a last modification |c 19940921 00:00:00 |k Rodrigo Vera | ||
| 490 | 0 | |a Biografia Circe | |
| 999 | |c 230393 |d 230391 | ||
| 952 | |0 0 |1 0 |4 0 |6 927_000000000000000_NAI_1991 |7 0 |8 P |9 232619 |a BIBARQ |b BIBARQ |d 2019-11-15 |i 3017443 |o 927 NAI 1991 |p 3017443 |r 2025-01-20 |w 2019-11-15 |y BK |k ARQ | ||